1113 1816 1617 1564 1565 1216 1814 1697 1583 1774 1210 1702 1473 1340 1402 1247 1494 1256 1575 1469 1605 1262 1990 1213 1055 1511 1878 1497 1939 1700 1332 1856 1010 1937 1932 1725 1091 1955 1946 1654 1154 1266 1377 1383 1601 1656 1030 1758 1623 1625 1100 1091 1336 1274 1214 1283 1092 1400 1312 1786 1866 1846 1953 1937 1298 1130 1912 1591 1268 1530 1794 1850 1361 1356 1032 1588 1584 1794 1036 1112 1292 1734 1464 1451 1190 1213 1793 1870 1313 1829 1368 1244 1849 1487 1769 1220 1842 1263 1278 BCNSPRNW ULIB Ver.6.0+V

เปลี่ยนเป็นภาษาไทย

Change to English
 แสดงรายละเอียดบรรณานุกรม
  กลับหน้าหลัก

Brief Record : Get Marc (ISO 2709) : E-mail record : QR code < ปิดหน้าต่าง
LEADER : 00000nam 2200000uu 4500
001    13399114679
003     ULIB
008    120429s2554||||th 000 0 tha d
020    ^a9789744176789
050    ^aGV1127.T5^bภ11
110 1  ^aกรมศิลปากร
245 00 ^aภูมิแผ่นดินมรดกไทย :^bพระบาทสมเด็จพระเจ้าอยู่หัวกับการเสด็จพระราชดำเนินแหล่งมรดกไทย /^cกรมศิลปากร ; บรรณาธิการ, อรสรา สายบัว .[และคนอื่น ๆ]
260    ^aกรุงเทพฯ :^bรุ่งศิลป์การพิมพ์,^c2554
300    ^a256 หน้า :^bภาพประกอบสี ;^c30 ซม.
700 0  ^aอรสรา สายบัว,^eบรรณาธิการ
710 2  ^aกรมศิลปากร
945    ^p0^l0^i18979
995    ^aเกษร
999    ^aใช้งานได้ทุกระบบ
รายการนี้ยังไม่มีแท็ก
คุณยังไม่ได้ล็อกอิน คุณสามารถมีกิจกรรมร่วมกับเว็บไซต์ได้ แต่ต้องล็อกอินก่อน ::
  ล็อกอิน

รายการสื่อสารสนเทศ

ลำดับที่ ประเภท เลขเรียก/บาร์โค้ด สถานที่ สถานะ
- ไม่พบข้อมูล -

BibComment


ยังไม่เคยถูกคอมเมนท์

คอมเมนท์ทรัพยากรรายการนี้
  คอมเมนท์: ภูมิแผ่นดินมรดกไ..


 Copyright 2026. Bcnsprnw @Library